01477nam a2200313Ia 450000500170000000800410001702000150005808200150007310000190008824500830010725000190019030000430020965000480025265000440030065000440034465000350038870000410042394200120046426400320047633600270050833700330053533800280056804000350059699900150063195201300064695201260077695201310090295201300103320220317000713.0160601s2004 ck a g 000 0 spa  a958972761104a334 bC13s1 aCaicedo, Jairo13aEl servicio cooperativo cTextos Jairo Caicedo ; ilustraciones Martha Suárez a1a. edición  a104 páginas bilustraciones c22 cm 142LEMBaCooperativas xObjetivos y funciones 142LEMBaAdministración de cooperativas 142LEMBaCooperativas xAspectos sociales 142LEMBaCooperativas zColombia 1 aSuárez, Marthaeilustrador 952993 2ddccBK a[Bogotá] bASCOOPc[2004] atextobtxt2rdacontent asin mediaciónbn2rdamedia avolumenbnc2rdacarrier aCO-BoRNBPbspaerdacCO-BoRNBP c4825d4825 00102ddc40708GENaMEPRICObMEPRICOcGENd2022-12-19l0o334 C13s pPR000000332r2022-12-19 00:00:00tEj.1w2022-12-19yBK 00102ddc40708GENaMEURIBEbMEURIBEcGENd2024-07-17l0o334 C13spURI00363r2024-07-17 10:36:51tEj.1w2024-07-17yBK 00102ddc40708GENaMEMAPIRIbMEMAPIRIcGENd2024-07-18l0o334 C13spMAP00004261r2024-07-18 11:42:07tEj.1w2024-07-18yBK 00102lcc40708GENaMEPCONCObMEPCONCOcGENd2026-02-05l0o334 C13spPCON00697r2026-02-05 19:15:40tEj.1w2026-02-05yBK